01333nam a22003374a 4500001001100000003000800011006001900019007001500038008004100053010001700094020002800111040002100139035002000160050002500180082001700205100006000222245011700282250001200399260003400411300002300445490003400468504006600502533015200568650003100720655002900751700002300780710001700803830003500820856012500855999001500980ebr5008064CaPaEBRm u cr cn|||||||||990308s1999 nyua sbi 001 0 eng  z 99014735  z0387988483 (alk. paper) aCaPaEBRcCaPaEBR a(OCoLC)5484965214aQA279b.R3615 1999eb04a519.5/362211 aRao, C. Radhakrishnaq(Calyampudi Radhakrishna),d1920-10aLinear modelsh[electronic resource] :bleast squares and alternatives /cC. Radhakrishna Rao, Helge Toutenburg. a2nd ed. aNew York :bSpringer,cc1999. axv, 427 p. :bill.1 aSpringer series in statistics aIncludes bibliographical references (p. [403]-419) and index. aElectronic reproduction.bPalo Alto, Calif. :cebrary,d2013.nAvailable via World Wide Web.nAccess may be limited to ebrary affiliated libraries. 0aLinear models (Statistics) 7aElectronic books.2local1 aToutenburg, Helge.2 aebrary, Inc. 0aSpringer series in statistics.40uhttp://site.ebrary.com/lib/rucke/Doc?id=5008064zAn electronic book accessible through the World Wide Web; click to view c5240d5240